000 00606cam a22002051 4500
001 ne 63001460
003 DLC
005 20260227111748.0
008 820618q19601969ua a 000 1 arar
010 _ane 63001460
035 _a(OCoLC)8529695
040 _aDLC
_cTU
_dTU
_dDLC
042 _apremarc
050 0 0 _aPZ90.A7
_bZ3
100 1 _aZāyid, Muḥammad ʻAbd al-Wahhāb.
245 1 0 _aRuddat al-ḥayāh
_c[taʼlīf] Muḥammad ʻAbd al-Wahhāb Zāyid.
260 _a[al-Qāhirah]
_bMaktabat al-Qāhirah al-Ḥadīthah.
_c[196-]
300 _a104 p.
_billus.
_c24 cm.
500 _aText vocalized.
999 _c46103
_d46103